Statystyki dla Puchar Świata - klasyfikacja generalna za sezon 1999/00

Kliknij tutaj aby rozwiązać quiz!

Ogólne statystyki

  • Ten quiz został rozwiązany 14 razy
  • Średni wynik to 36 z 81

Statystyki odpowiedzi

MiejsceSkoczekNarodowośćPkt% Poprawnych
28.Adam MałyszPolska214
93%
3.Janne AhonenFinlandia1437
93%
15.Noriaki KasaiJaponia436
93%
5.Andreas GoldbergerAustria1034
86%
1.Martin SchmittNiemcy1833
86%
4.Sven HannawaldNiemcy1065
86%
2.Andreas WidhoelzlAustria1452
79%
26.Jussi HautamaekiFinlandia230
79%
14.Kazuyoshi FunakiJaponia475
79%
17.Matti HautamaekiFinlandia341
79%
10.Hideharu MiyahiraJaponia567
71%
11.Masahiko HaradaJaponia545
71%
Primoz PeterkaSłowenia13
71%
8.Risto JussilainenFinlandia675
71%
44.Robert MatejaPolska52
71%
23.Roberto CeconWłochy236
71%
9.Stefan HorngacherAustria624
71%
33.Takanobu OkabeJaponia130
71%
38.Wojciech SkupieńPolska86
71%
Jakub JandaCzechy8
64%
Simon AmmannSzwajcaria46
64%
37.Tami KiuruFinlandia93
64%
13.Tommy IngebrigtsenNorwegia493
64%
35.Alexander HerrNiemcy109
57%
57.Andreas KuttelSzwajcaria26
57%
36.Henning StensrudNorwegia96
57%
7.Jani SoininenFinlandia734
57%
19.Nicolas DessumFrancja282
57%
29.Roar LjoekelsoeyNorwegia213
57%
6.Ville KanteeFinlandia836
57%
41.Damjan FrasSłowenia74
50%
Espen BredesenNorwegia1
50%
Heung-Chul ChoiKorea Południowa46
50%
61.Kazuya YoshiokaJaponia20
50%
63.Łukasz KruczekPolska18
50%
16.Martin HoellwarthAustria347
50%
Martin KochAustria37
50%
18.Michael UhrmannNiemcy283
50%
54.Alan AlbornStany Zjednoczone34
43%
Christof DuffnerNiemcy37
43%
Emmanuel ChedalFrancja8
43%
20.Hiroya SaitohJaponia264
43%
67.Jaroslav SakalaCzechy13
43%
12.Lasse OttesenNorwegia535
43%
24.Peter ZontaSłowenia234
43%
30.Reinhard SchwarzenbergerAustria208
43%
22.Wolfgang LoitzlAustria251
43%
42.Dimitriy VassilievRosja67
36%
31.Frank LofflerNiemcy193
36%
27.Michal DolezalCzechy220
36%
25.Mika LaitinenFinlandia232
36%
Olav Magne DonnemNorwegia6
36%
64.Yuta WataseJaponia16
36%
55.Bruno ReutelerSzwajcaria33
29%
21.Hansjoerg JaekleNiemcy262
29%
56.Jakub HlavaCzechy32
29%
66.Jakub SuchacekCzechy14
29%
40.Marco SteinauerSzwajcaria75
29%
53.Sylvain FrelholzSzwajcaria35
29%
Hyun-Ki KimKorea Południowa4
21%
49.Ivan LunardiWłochy37
21%
78.Kazuhiro NakamuraJaponia2
21%
45.Morten AagheimNorwegia46
21%
62.Ronny HornschuhNiemcy19
21%
65.Arne SneliNorwegia15
14%
43.Bernhard MetzlerAustria53
14%
34.Greg SiegmundNiemcy114
14%
32.Kazuki NishishitaJaponia172
14%
39.Pekka SalminenFinlandia81
14%
Primoz Zupan-UrhSłowenia37
14%
59.Thomas HoerlAustria22
14%
76.Tore S. SneliNorwegia4
14%
58.Bine NorcicSłowenia23
7%
70.David AndersenNorwegia8
7%
69.Fabian EbenhochAustria10
7%
48.Jerone GayFrancja45
7%
73.Jon Petter SandakerNorwegia6
7%
60.Blaz VrhovnikSłowenia21
0%
75.Brendan DoranStany Zjednoczone5
0%
79.Reinhard EberlAustria1
0%
Wilheim BrennaNorwegia1
0%

Rozkład punktacji

Percentyl według liczby udzielonych odpowiedzi

Procent ludzi z każdym wynikiem

Twoja historia wyników

Nie rozwiązałeś tego quizu